Project Management (Record no. 513)

MARC details
000 -LEADER
fixed length control field 00418nam a22001697a 4500
005 - DATE AND TIME OF LATEST TRANSACTION
control field 20160511110633.0
008 - FIXED-LENGTH DATA ELEMENTS--GENERAL INFORMATION
fixed length control field 160511b xxu||||| |||| 00| 0 eng d
020 ## - INTERNATIONAL STANDARD BOOK NUMBER
ISBN 81-7929-079-4
041 ## - LANGUAGE CODE
Language code of text/sound track or separate title eng
082 ## - DEWEY DECIMAL CLASSIFICATION NUMBER
Item number 1239
100 ## - MAIN ENTRY--AUTHOR NAME
Personal name Rodhey J. turner Simister J. stephen
245 ## - TITLE STATEMENT
Title Project Management
260 ## - PUBLICATION, DISTRIBUTION, ETC. (IMPRINT)
Place of publication New Delhi
Name of publisher Infinity books,
Year of publication 2004
300 ## - PHYSICAL DESCRIPTION
Number of Pages 847
650 ## - SUBJECT ADDED ENTRY--TOPICAL TERM
Topical Term Management
942 ## - ADDED ENTRY ELEMENTS (KOHA)
Koha item type Books
Holdings
Lost status Damaged status Collection code Home library Current library Shelving location Date acquired Cost, normal purchase price Full call number Accession Number Koha item type
    MANAGEMENT JRU Library JRU Library SHELF- 67 C 11/05/2016 1300.00 1239 1239 Books